Municipalities of South Carolina Counties- Berkeley - Statistics

General Stats
  • This quiz has been taken 12 times
  • The average score is 6 of 9
Answer Stats
Population (2020) Municipality % Correct
50,915 Summerville
91%
150,227 Charleston
73%
45,946 Goose Creek
73%
13,297 Moncks Corner
73%
114,852 North Charleston
73%
20,325 Hanahan
64%
1,571 St. Stephen
55%
431 Bonneau
45%
68 Jamestown
36%
No matching quizzes found
Score Distribution
Percent of People with Each Score
Percentile by Number Answered
Your Score History
You have not taken this quiz